Vista normal
Vista MARC
Entrada Personal Name
Número de registros utilizados en: 2
001 - CONTROL NUMBER
- control field: 45275
003 - CONTROL NUMBER IDENTIFIER
- control field: OSt
005 - DATE AND TIME OF LATEST TRANSACTION
- control field: 20241125150706.0
008 - FIXED-LENGTH DATA ELEMENTS
- fixed length control field: 241125|| aca||aabn | a|a d
040 ## - CATALOGING SOURCE
- Original cataloging agency: OSt
- Transcribing agency: OSt
100 ## - HEADING--PERSONAL NAME
- Personal name: Borges, Jorge Luis,
- Dates associated with a name: 1899-1986
670 ## - SOURCE DATA FOUND
- Source citation: Work cat.: (OSt)39792: Borges, Jorge Luis, 1899-1986, Obra poética, 2(1960-1972)